000 00608nam a22002057a 4500
999 _c9453
_d9453
003 AR-CdUCM
008 190328b ||||| |||| 00| 0 spa d
040 _aMUNICIPALIDAD PROVINCIAL DEL CUSCO
_cBIBLIOTECA MUNICIPAL DEL CUSCO
082 _a100 /
_bG84 / 1941
100 _aGuardia Mayorga, C. A.
_925649
245 _aLéxico Filosófico /
260 _aArequipa :
_c1941.
300 _a138 páginas ;
_c21 cm.
505 _aContenido: Léxico filosófico.
650 _aFilosofía
_9395
650 _aDinamismo
_925650
650 _aPalabras filosóficas
_925651
942 _2ddc
_cLIBROS
945 _aachl